Pharmacognosy - Medicinal Plants (Record no. 51059)

MARC details
000 -LEADER
fixed length control field 01387nam a2200253Ia 4500
000 - LEADER
fixed length control field 01645naaa 00313uu
001 - CONTROL NUMBER
control field https://directory.doabooks.org/handle/20.500.12854/56133
005 - DATE AND TIME OF LATEST TRANSACTION
control field 20260218105913.0
008 - FIXED-LENGTH DATA ELEMENTS--GENERAL INFORMATION
fixed length control field 211013s9999 xx 000 0 und d
020 ## - INTERNATIONAL STANDARD BOOK NUMBER
International Standard Book Number 9781838806101
024 ## - OTHER STANDARD IDENTIFIER
Standard number or code 10.5772/intechopen.78419
042 ## - AUTHENTICATION CODE
Authentication code dc
100 1# - MAIN ENTRY--PERSONAL NAME
Personal name Areej Al-Taweel
245 #0 - TITLE STATEMENT
Title Pharmacognosy - Medicinal Plants
260 ## - PUBLICATION, DISTRIBUTION, ETC.
Name of publisher, distributor, etc. IntechOpen
Date of publication, distribution, etc. 2019
300 ## - PHYSICAL DESCRIPTION
Extent 1 electronic resource (320 p.)
520 ## - SUMMARY, ETC.
Summary, etc. Pharmacognosy is a term derived from the Greek words for drug (pharmakon) and knowledge (gnosis). It is a field of study within Chemistry focused on natural products isolated from different sources and their biological activities. Research on natural products began more than a hundred years ago and has continued up to now with a plethora of research groups discovering new ideas and novel active constituents. This book compiles the latest research in the field and will be of interest to scientists, researchers, and students.
540 ## - TERMS GOVERNING USE AND REPRODUCTION NOTE
Terms governing use and reproduction All rights reserved
653 ## - INDEX TERM--UNCONTROLLED
Uncontrolled term Toxicology and Pharmaceutical Science
700 1# - ADDED ENTRY--PERSONAL NAME
Personal name Shagufta Perveen
856 ## - ELECTRONIC LOCATION AND ACCESS
Uniform Resource Identifier <a href="https://docs.google.com/spreadsheets/d/1yKIrdCPDAG_9c22mwoOIO2DOhtj65Wqa/edit?usp=sharing&ouid=106555315294820607512&rtpof=true&sd=true ">https://docs.google.com/spreadsheets/d/1yKIrdCPDAG_9c22mwoOIO2DOhtj65Wqa/edit?usp=sharing&ouid=106555315294820607512&rtpof=true&sd=true </a>
Link text List of Curated E-Books
942 ## - ADDED ENTRY ELEMENTS (KOHA)
Koha item type E-Book
Holdings
Withdrawn status Source of classification or shelving scheme Damaged status Not for loan Home library Current library Date acquired Total Checkouts Date last seen Price effective from Koha item type
  Library of Congress Classification   Not For Loan Directory of Open Access Books Directory of Open Access Books 12/22/2021   12/22/2021 12/22/2021 E-Book

University of Rizal System
Email us at univlibservices@urs.edu.ph

Visit our Website www.urs.edu.ph/library